Topics for English conversation : (we get ready for the graduation exam) /

Main Author: Chudá, Jana
Other Authors: Chudý, Tomáš, 1976-
Language: English
Published: Havlíčkův Brod : Fragment, 1998
Edition: 3. vyd.
Series: Maturita z angličtiny
Physical Description: 87 s. ; 29 cm
Book
Saved in:
LEADER 00947nam a2200289 a 4500
001 000445508
003 CZ BrMZK
005 20070724112546.0
007 ta
008 990315s1998 xr f eng d
020 |a 80-7200-051-9 
040 |a BOA001  |b cze 
080 |a 802.0(075)  |2 MRF 
100 1 |a Chudá, Jana  |7 jx20050912017  |4 aut 
245 1 0 |a Topics for English conversation :  |b (we get ready for the graduation exam) /  |c Jana Chudá a Tomáš Chudý 
250 |a 3. vyd. 
260 |a Havlíčkův Brod :  |b Fragment,  |c 1998 
300 |a 87 s. ;  |c 29 cm 
490 1 |a Maturita z angličtiny 
500 |a Bibliogr. 
653 0 |a angličtina 
700 1 |a Chudý, Tomáš,  |d 1976-  |7 xx0022935  |4 aut 
830 0 |a Maturita z angličtiny 
910 |a BOA001  |b 4-1064.917  |b PK-N-0034.158 
964 |a Angličtina  |x konverzace 
990 |a BK 
996 7 |b 2610103706  |c 4-1064.917  |l MZK  |r Sklad / do 1 hodiny  |n 37  |p p.v.  |w 000445508  |u 000010  |a 1  |e BOA001  |j MZK50  |s A